| 000 | 00827nam a2200241 i 4500 | ||
|---|---|---|---|
| 001 | 122008 | ||
| 003 | ES-MaACL | ||
| 005 | 20230907141812.0 | ||
| 007 | t| | ||
| 008 | 070214q1932 sp |||| | spa d | ||
| 100 | 1 |
_aPost, Luis F. _9168362 |
|
| 245 | 1 | 0 |
_aServicio social / _cLuis F. Post ; traducción directa del inglés por Manuel Vallvé ; prólogo de Baldomero Argente. |
| 260 |
_aBarcelona : _bEl Consultor Bibliográfico, _c[1932?] |
||
| 300 |
_a2 v. ; _c18 cm. |
||
| 490 | 1 |
_aBiblioteca georgista ; _v17-18 |
|
| 650 |
_aAsistencia social. _910377 |
||
| 650 | 0 | 4 |
_aServicios sociales. _917068 |
| 700 | 1 |
_aVallvé, Manuel. _9112961 |
|
| 700 | 1 |
_aArgente, Baldomero, _d1877-1965 _922691 |
|
| 830 | 0 |
_aBiblioteca georgista ; _v17-18 _9186550 |
|
| 852 |
_aES-MaACL _jA-1138-39 |
||
| 999 |
_c122008 _d122008 |
||